000 00420nam a2200181Ia 4500
001 10777
005 20260306161857.0
008 260306t1966||||xx |||||||||||||| ||spa||
041 _aESP
082 _a949.5
_bH91
100 _aHülsen, Hans von
_eAUT
245 0 _aHallazgos en Magna Grecia
260 _c1966
300 _a232 páginas :
_c19 cm.
650 _aGEN
654 _aCHU
942 _cLIB
_dJUS
_fJUS
_2ddc
_n
999 _c10777
_d10777